000
00340 a2200157 4500
001
62051
020
_a
9788501078957
040
_c
Anchieta - Pituba
100
_a
Cabot, Meg
240
1
0
_a
A rainha da fofoca
_l
por
245
1
0
_a
A rainha da fofoca
300
_a
430
362
0
_a
2008
650
4
_a
Ficção norte-americana
942
_c
BK
999
_c
62051
_d
62051